000 00491nam a2200181Ia 4500
005 20250423095307.0
008 250422s9999 xx 000 0 und d
020 _a9788174767295
050 _aTH 435 .G4/
100 _aDutta B.N.
245 0 _aEstimating and costing in civil engineering
260 _aNew Delhi
260 _bUBS publishers’ Distributors pvt. Ltd
260 _c2012
300 _a904 p
650 _a Building--Estimates. Engineering--Estimates.
942 _cBK
999 _c29832
_d29832